| 000 | 01778nam a2200265Ia 4500 | ||
|---|---|---|---|
| 005 | 20220317001118.0 | ||
| 008 | 160825s2002 ck g 000 0 spa | ||
| 020 | _a9588109477 | ||
| 100 | 1 |
_aBenavides Zúñiga, Horacio _d1949- |
|
| 245 | 1 | 0 |
_aSin razón florecer _cHoracio Benavides Zúñiga |
| 250 | _a1a. edición | ||
| 300 |
_a48 paginas _c22 cm |
||
| 500 | _aIncluye datos biográficos | ||
| 505 | _aTu sonrisa cuando amas. El amor que nos redime. islas perdidas,países Lejanos.Para quien ve por primera vez el mar. Cerca lo lejos. La tierra prometida. Brisa en los bambúes del alma. Viendo caer una estrella fugaz. Como árbol que florece entre nubes. Lo que un día fue. Como migajas de pan en el bosque. Dios juguetón y perverso. Sólo porque has dicho. Yo que ya no soy sin ti. Besé la piedra en tus labios. Aún está aquí. Oído en secreto. Para quien quiere ser jinete. Sus palabras como piedras hasta el fondo. Lezama canta en la estación azul. El poeta se queja de su suerte. Una pausa en el atormentado corazón de Hamlet. Como una paloma en el cono de luz. Un instante y no volverá a brillar. Lo que ha de ser en algún lugar será. Aleja de mí tu mal. Recordando a una muchacha que conoceré mañana. Ta has quedado quieta para avanzar. Nove dos soles la belleza. Donde el agua canta. Alguien en otro lugar. Curado al fin | ||
| 650 | 1 | 4 |
_2LEMB _aPoesía colombiana _ySiglo XX |
| 650 | 1 | 4 |
_2LEMB _aLiteratura colombiana _ySiglo XX |
| 650 | 1 | 4 |
_2LEMB _aAmor en la literatura |
| 942 |
_2loc _cBKLIT |
||
| 264 |
_aBogotá _bInstituto Distrital de Cultura _c2002 |
||
| 336 |
_atexto _btxt _2rdacontent |
||
| 337 |
_asin mediación _bn _2rdamedia |
||
| 338 |
_avolumen _bnc _2rdacarrier |
||
| 040 |
_aCO-BoRNBP _bspa _erda _cCO-BoRNBP |
||
| 084 | _aP BEN2 | ||
| 999 |
_c5962 _d5962 |
||